000 00395nam a22001217a 4500
999 _c9993
_d9993
003 OSt
008 201218b ||||| |||| 00| 0 eng d
245 _aClaro : Interactive Systems
250 _a2018(Jan-Mar Vol.2018, Apr-Jun Vol.2018, Jul-Sep Vol.2018, Oct-Dec Vol.2018)
260 _aAhmedabad
_bClaro Publications Private Limited
650 _aBachelor of Computer Applications
942 _2ddc
_cBV